[Evropská unie]

Recenzia publikácie: Fiala Petr - Pitrová Markéta: Evropská unie. Publikácia je rozdelená do troch častí. Prvá časť, Vývoj európskej integrácie, je venovaná vývoju integrácie a európskych integračných štruktúr; druhá časť, Inštitúcie Európskej únie, približuje jednotlivé európske inštitúcie; tretia...

ver descrição completa

Na minha lista:
Detalhes bibliográficos
Autor principal: Gonda, Vladimír
Formato: Capítulo de Livro
Idioma:eslovaco
Assuntos:
Tags: Adicionar Tag
Sem tags, seja o primeiro a adicionar uma tag!

MARC

LEADER 00000naa$a2200000$$$4500
001 0008359
005 20240502071353.0
041 0 |a slo 
044 |a SK 
245 1 0 |a [Evropská unie]  |c rec. Vladimír Gonda 
520 |a Recenzia publikácie: Fiala Petr - Pitrová Markéta: Evropská unie. Publikácia je rozdelená do troch častí. Prvá časť, Vývoj európskej integrácie, je venovaná vývoju integrácie a európskych integračných štruktúr; druhá časť, Inštitúcie Európskej únie, približuje jednotlivé európske inštitúcie; tretia časť, Oblasti pôsobenia Európskej únie, predstavuje významné politiky EÚ. 
610 2 0 |a recenzie 
610 2 0 |a Európska únia 
610 2 0 |a integrácia ekonomická medzinárodná 
100 1 |a Gonda, Vladimír